[Event "Arber op 6th"]
[Site "Bodenmais"]
[Date "2017.08.04"]
[Round "7"]
[White "Hartel, Sandro"]
[Black "Hoffmann, Steffen"]
[Result "1-0"]
[WhiteElo "1530"]
[BlackElo "1465"]
[PlyCount "93"]
[EventDate "2017.07.29"]
[EventType "swiss"]
[EventRounds "9"]
[EventCountry "GER"]
[SourceTitle "CBM 179 Extra"]
[Source "ChessBase"]
[SourceDate "2017.08.23"]
[SourceVersion "1"]
[SourceVersionDate "2017.08.23"]
[SourceQuality "1"]

1. e4 d5 2. exd5 Qxd5 3. Nc3 Qd8 4. Nf3 Bg4 5. Be2 Nf6 6. d3 e6 7. Bf4 c6 8. Ne5 Bxe2 9. Qxe2 Bd6 10. d4 Qe7 11. 0-0-0 0-0 12. Bg5 Nbd7 13. Nxd7 Qxd7 14. Bxf6 gxf6 15. Ne4 Bf4+ 16. Kb1 Qe7 17. Qg4+ Bg5 18. h4 f5 19. Qxg5+ Qxg5 20. Nxg5 h6 21. Nh3 a5 22. f3 Rfd8 23. g4 fxg4 24. fxg4 b5 25. g5 hxg5 26. Nxg5 Rd5 27. Rhg1 Kf8 28. Rdf1 Rf5 29. Rxf5 exf5 30. Rf1 Re8 31. c3 Kg7 32. Rxf5 f6 33. Nf3 Kg6 34. Rf4 Re2 35. Kc1 Rg2 36. h5+ Kxh5 37. Rxf6 Rf2 38. Rxc6 Rxf3 39. Rc5+ Kg4 40. Rxb5 Rf1+ 41. Kc2 a4 42. Kd3 Ra1 43. a3 Rf1 44. Rb4 Rf2 45. Kc4 Kf5 46. Kb5 Ke6 47. Kxa4 1-0

[Event "Arber op 6th"]
[Site "Bodenmais"]
[Date "2017.08.03"]
[Round "6"]
[White "Fauth, Dietmar"]
[Black "Hartel, Sandro"]
[Result "1-0"]
[WhiteElo "2162"]
[BlackElo "1530"]
[PlyCount "127"]
[EventDate "2017.07.29"]
[EventType "swiss"]
[EventRounds "9"]
[EventCountry "GER"]
[SourceTitle "CBM 179 Extra"]
[Source "ChessBase"]
[SourceDate "2017.08.23"]
[SourceVersion "1"]
[SourceVersionDate "2017.08.23"]
[SourceQuality "1"]

1. e4 e5 2. Nf3 Nc6 3. Bb5 Nf6 4. 0-0 Bc5 5. d3 d6 6. h3 h6 7. c3 0-0 8. a4 a6 9. Bc4 Be6 10. Bxe6 fxe6 11. Nbd2 Nh5 12. Nc4 Nf6 13. Be3 Bxe3 14. Nxe3 d5 15. Qb3 b6 16. Rfe1 Qe7 17. exd5 exd5 18. Nxd5 Qf7 19. Nxf6+ gxf6 20. Qxf7+ Rxf7 21. Rad1 Rd8 22. g4 Rfd7 23. Re3 Na5 24. Ne1 Nc4 25. Re2 c5 26. b3 Na5 27. Rb1 Nc6 28. Re4 Kf7 29. Kf1 Kg6 30. Ke2 Ne7 31. Rd1 Nd5 32. Rc4 Nf4+ 33. Ke3 Nxh3 34. Nf3 Nf4 35. d4 Ng2+ 36. Ke4 exd4 37. cxd4 Re8+ 38. Kd3 Nf4+ 39. Kc2 Re2+ 40. Rd2 cxd4 41. Rcxd4 Rxd2+ 42. Rxd2 Rxd2+ 43. Kxd2 h5 44. gxh5+ Kxh5 45. Ke3 Kg4 46. Nd2 Kf5 47. Nc4 Nd5+ 48. Kd4 Ke6 49. a5 b5 50. Nd2 Kd6 51. Ne4+ Kc6 52. Nc5 Nb4 53. Ne4 Nd5 54. f3 f5 55. Ng3 Ne7 56. Ke5 Kc5 57. Nxf5 Nc6+ 58. Ke4 Nxa5 59. Nd4 Nc6 60. Nxc6 Kxc6 61. b4 Kd6 62. Kd4 Kc6 63. f4 Kd6 64. f5 1-0

[Event "SVR-op"]
[Site "Heimbach Weis"]
[Date "2017.04.08"]
[Round "2"]
[White "Hartel, Sandro"]
[Black "Stau, Torsten"]
[Result "0-1"]
[WhiteElo "1465"]
[BlackElo "1780"]
[PlyCount "46"]
[EventDate "2017.04.08"]
[EventType "swiss"]
[EventRounds "7"]
[EventCountry "GER"]
[SourceTitle "EXT 2020"]
[Source "ChessBase"]
[SourceDate "2019.10.17"]
[SourceVersion "1"]
[SourceVersionDate "2019.10.17"]
[SourceQuality "1"]

1. e4 e6 2. d4 d5 3. exd5 exd5 4. Nf3 Bd6 5. Bd3 Bg4 6. 0-0 Nd7 7. Qe1+ Ne7 8. Ng5 h6 9. f3 hxg5 10. h3 Be6 11. Bxg5 c6 12. f4 Qb6 13. f5 Qxd4+ 14. Kh1 Nc5 15. fxe6 Nxe6 16. Bxe7 Kxe7 17. Nd2 g6 18. Nf3 Qf4 19. Qe2 g5 20. Kg1 g4 21. Rae1 gxf3 22. Rxf3 Qh2+ 23. Kf2 Bc5+ 0-1

[Event "Wiesbaden op 28th"]
[Site "Wiesbaden"]
[Date "2016.08.28"]
[Round "7"]
[White "Hartel, Sandro"]
[Black "Krischak, Werner"]
[Result "1/2-1/2"]
[WhiteElo "1531"]
[BlackElo "1767"]
[PlyCount "42"]
[EventDate "2016.08.25"]
[EventType "swiss"]
[EventRounds "7"]
[EventCountry "GER"]
[SourceTitle "CBM 174 Extra"]
[Source "ChessBase"]
[SourceDate "2016.10.10"]
[SourceVersion "1"]
[SourceVersionDate "2016.10.10"]
[SourceQuality "1"]

1. e4 c6 2. d4 d5 3. exd5 cxd5 4. Nc3 Nf6 5. Bg5 e6 6. Bb5+ Bd7 7. Bxd7+ Nbxd7 8. Qe2 Be7 9. Nf3 Qb6 10. 0-0-0 0-0 11. Ne5 Rfd8 12. f4 Rac8 13. Rhe1 Bb4 14. Nxd7 Rxd7 15. Rd3 Ne4 16. Nxe4 dxe4 17. Rb3 Qxd4 18. Rd1 Qxd1+ 19. Qxd1 Rxd1+ 20. Kxd1 Ba5 21. Rxb7 Bb6 1/2-1/2

[Event "Wiesbaden op 28th"]
[Site "Wiesbaden"]
[Date "2016.08.26"]
[Round "3"]
[White "Hartel, Sandro"]
[Black "Donecker, Stefan"]
[Result "1/2-1/2"]
[WhiteElo "1531"]
[BlackElo "1814"]
[PlyCount "44"]
[EventDate "2016.08.25"]
[EventType "swiss"]
[EventRounds "7"]
[EventCountry "GER"]
[SourceTitle "CBM 174 Extra"]
[Source "ChessBase"]
[SourceDate "2016.10.10"]
[SourceVersion "1"]
[SourceVersionDate "2016.10.10"]
[SourceQuality "1"]

1. e4 d5 2. exd5 Nf6 3. Bb5+ Bd7 4. Bxd7+ Qxd7 5. Nf3 Nxd5 6. 0-0 Nc6 7. d4 e6 8. c4 Nf6 9. Nc3 Be7 10. Re1 Rd8 11. Be3 0-0 12. a3 Ng4 13. d5 Nce5 14. Nxe5 Nxe5 15. b3 Ng6 16. b4 Bf6 17. Bd4 Bxd4 18. Qxd4 c6 19. Qxa7 exd5 20. cxd5 cxd5 21. Qd4 Qf5 22. Rac1 h5 1/2-1/2

[Event "Hofheim Spring op-B 4th"]
[Site "Hofheim"]
[Date "2016.04.02"]
[Round "8"]
[White "Hartel, Sandro"]
[Black "Fernandez Garcia, Alfonso Javier"]
[Result "1/2-1/2"]
[WhiteElo "1578"]
[BlackElo "1614"]
[PlyCount "54"]
[EventDate "2016.03.30"]
[EventType "swiss"]
[EventRounds "9"]
[EventCountry "GER"]
[SourceTitle "EXT 2018"]
[Source "ChessBase"]
[SourceDate "2017.10.13"]
[SourceVersion "1"]
[SourceVersionDate "2017.10.13"]
[SourceQuality "1"]

1. e4 e6 2. d4 d5 3. exd5 exd5 4. Nc3 Bb4 5. Nge2 Bg4 6. f3 Bf5 7. Ng3 Bg6 8. Be2 Nf6 9. 0-0 0-0 10. f4 h6 11. f5 Bh7 12. Nh5 Nbd7 13. Bd3 Nxh5 14. Qxh5 Nf6 15. Qf3 c6 16. Qg3 Kh8 17. Ne2 Ne4 18. Bxe4 dxe4 19. f6 gxf6 20. Bxh6 Rg8 21. Qb3 Qe7 22. c3 Bd6 23. Be3 Rg4 24. d5 Rag8 25. Rf2 c5 26. Raf1 f5 27. Nf4 b6 1/2-1/2

[Event "Hofheim Spring op-B 4th"]
[Site "Hofheim"]
[Date "2016.04.02"]
[Round "9"]
[White "Hartel, Sandro"]
[Black "Giebitz, Walter"]
[Result "1/2-1/2"]
[WhiteElo "1578"]
[BlackElo "1508"]
[PlyCount "105"]
[EventDate "2016.03.30"]
[EventType "swiss"]
[EventRounds "9"]
[EventCountry "GER"]
[SourceTitle "EXT 2018"]
[Source "ChessBase"]
[SourceDate "2017.10.13"]
[SourceVersion "1"]
[SourceVersionDate "2017.10.13"]
[SourceQuality "1"]

1. e4 e5 2. Nf3 d5 3. exd5 e4 4. Qe2 Qxd5 5. Nc3 Qe6 6. Qxe4 Nf6 7. Qxe6+ Bxe6 8. Be2 Nc6 9. 0-0 0-0-0 10. Ng5 Re8 11. Bb5 h6 12. Bxc6 bxc6 13. Nxe6 Rxe6 14. d3 Bd6 15. Bd2 Rhe8 16. h3 Nd5 17. Ne4 Bb4 18. c3 Bd6 19. c4 Nf6 20. Nxd6+ Rxd6 21. Be3 Rxd3 22. Bxa7 Re2 23. b3 Rdd2 24. a4 Ne4 25. Rfe1 c5 26. Rxe2 Rxe2 27. b4 Rc2 28. b5 Kb7 29. f3 Kxa7 30. fxe4 Rxc4 31. Rf1 f6 32. a5 Rb4 33. b6+ cxb6 34. axb6+ Rxb6 35. Rc1 Rb5 36. Kf2 Kb6 37. Kf3 g6 38. Kf4 Rb2 39. Kg3 g5 40. Rf1 Rb3+ 41. Kg4 Re3 42. Rxf6+ Kb5 43. Rxh6 Rxe4+ 44. Kxg5 c4 45. Rh8 c3 46. Rb8+ Kc4 47. Rc8+ Kd3 48. h4 Re5+ 49. Kg6 c2 50. h5 Re2 51. h6 Rxg2+ 52. Kf7 Rf2+ 53. Kg7 1/2-1/2

[Event "Hofheim Spring op-B 4th"]
[Site "Hofheim"]
[Date "2016.03.30"]
[Round "2"]
[White "Hartel, Sandro"]
[Black "Meyer, Marcel"]
[Result "1/2-1/2"]
[WhiteElo "1578"]
[BlackElo "1735"]
[PlyCount "110"]
[EventDate "2016.03.30"]
[EventType "swiss"]
[EventRounds "9"]
[EventCountry "GER"]
[SourceTitle "EXT 2018"]
[Source "ChessBase"]
[SourceDate "2017.10.13"]
[SourceVersion "1"]
[SourceVersionDate "2017.10.13"]
[SourceQuality "1"]

1. e4 c6 2. Nc3 d5 3. exd5 cxd5 4. d4 Bf5 5. Nf3 e6 6. Bb5+ Nc6 7. Ne5 Qc7 8. g4 Bg6 9. h4 f6 10. Nxg6 hxg6 11. Qe2 Kf7 12. Bxc6 bxc6 13. g5 Ne7 14. h5 e5 15. gxf6 gxf6 16. hxg6+ Nxg6 17. Rxh8 Nxh8 18. Qh5+ Kg8 19. Bd2 exd4 20. 0-0-0 dxc3 21. Rg1+ Bg7 22. Bh6 cxb2+ 23. Kb1 Rf8 24. Rxg7+ Qxg7 25. Bxg7 Kxg7 26. Qg4+ Ng6 27. Qd7+ Rf7 28. Qxc6 Ne5 29. Qxd5 Rd7 30. Qg2+ Kf7 31. f4 Nc4 32. Qe2 Rc7 33. Qh5+ Ke6 34. f5+ Kd5 35. Qf3+ Kc5 36. Qf2+ Kb5 37. Qd4 Rh7 38. Qd5+ Kb4 39. a3+ Nxa3+ 40. Kxb2 Nc4+ 41. Ka2 a5 42. Qd4 Rh2 43. Qd3 a4 44. Qe4 Rd2 45. Kb1 Rd1+ 46. Ka2 Rd2 47. Qe7+ Kc3 48. Qxf6+ Kxc2 49. Qg5 Kc3+ 50. Ka1 Rd1+ 51. Ka2 Rd2+ 52. Kb1 Rd1+ 53. Ka2 Rd2+ 54. Qxd2+ Kxd2 55. f6 Nd6 1/2-1/2

[Event "Rheinland Pfalz op 7th"]
[Site "Frankenthal"]
[Date "2015.06.06"]
[Round "4"]
[White "Hahmann, Markus"]
[Black "Hartel, Sandro"]
[Result "1-0"]
[WhiteElo "1828"]
[BlackElo "1610"]
[PlyCount "51"]
[EventDate "2015.06.04"]
[EventType "swiss"]
[EventRounds "7"]
[EventCountry "GER"]
[SourceTitle "EXT 2017"]
[Source "ChessBase"]
[SourceDate "2016.10.25"]
[SourceVersion "1"]
[SourceVersionDate "2016.10.25"]
[SourceQuality "1"]

1. d4 d5 2. Nc3 Nc6 3. Nf3 Nf6 4. Bg5 Ne4 5. Bh4 Bf5 6. e3 Nb4 7. Bd3 Nxd3+ 8. cxd3 Nxc3 9. bxc3 Qd6 10. 0-0 Qa6 11. c4 dxc4 12. dxc4 Qxc4 13. Ne5 Qa6 14. Qh5 g6 15. Qf3 f6 16. e4 fxe5 17. exf5 exd4 18. Rfe1 0-0-0 19. f6 Qa5 20. fxe7 Bxe7 21. Rxe7 Rhe8 22. Qf7 Rf8 23. Qe6+ Kb8 24. Bg3 Rc8 25. Re1 d3 26. Rxc7 1-0

[Event "Hofheim Spring op-B 3rd"]
[Site "Hofheim"]
[Date "2015.04.09"]
[Round "5"]
[White "Hartel, Sandro"]
[Black "Gelfenbaum, Daniel"]
[Result "1/2-1/2"]
[WhiteElo "1538"]
[BlackElo "1715"]
[PlyCount "144"]
[EventDate "2015.04.07"]
[EventType "swiss"]
[EventRounds "9"]
[EventCountry "GER"]
[SourceTitle "CBM 166 Extra"]
[Source "ChessBase"]
[SourceDate "2015.06.18"]
[SourceVersion "1"]
[SourceVersionDate "2015.06.18"]
[SourceQuality "1"]

1. e4 c6 2. d4 d5 3. e5 Bf5 4. h4 h6 5. g4 Bh7 6. Bd3 Bxd3 7. Qxd3 e6 8. Nc3 Nd7 9. Nf3 c5 10. Be3 Qc7 11. dxc5 Nxc5 12. Qb5+ Qc6 13. Nd4 Qxb5 14. Ndxb5 Kd7 15. 0-0-0 a6 16. Na3 b5 17. Ne2 Kc7 18. c3 Nd7 19. f4 Bxa3 20. bxa3 Nb6 21. Bxb6+ Kxb6 22. f5 Ne7 23. fxe6 fxe6 24. Nf4 Rac8 25. Nxe6 Rxc3+ 26. Kb2 Re3 27. Rde1 Rxe1 28. Rxe1 g6 29. Kc3 Rc8+ 30. Kd2 Rc4 31. Rg1 Re4 32. Nd8 h5 33. gxh5 gxh5 34. Rg5 Rxh4 35. Rg7 Rd4+ 36. Kc3 Rc4+ 37. Kd3 Rc7 38. Ne6 Ra7 39. Nf4 h4 40. Rh7 Nc6 41. Rxh4 Nxe5+ 42. Kc3 d4+ 43. Kb3 Rd7 44. Rh6+ Nc6 45. Nd3 Re7 46. Nb4 Kb7 47. Nxc6 Re3+ 48. Kb4 d3 49. Kc3 d2+ 50. Kxd2 Rxa3 51. Kc2 Rxa2+ 52. Kb3 Ra4 53. Nd8+ Kc8 54. Ne6 Rc4 55. Ng5 Kb7 56. Nf7 Kc7 57. Rxa6 Rc6 58. Ra1 Kb6 59. Ne5 Re6 60. Re1 Kc5 61. Nd3+ Kd6 62. Rd1 Kc6 63. Nb4+ Kb6 64. Rd8 Re3+ 65. Nd3 Kc6 66. Rd4 Rg3 67. Kb4 Rg5 68. Ka5 Rg1 69. Nb4+ Kc5 70. Rd5+ Kc4 71. Rxb5 Rb1 72. Rh5 Ra1+ 1/2-1/2

[Event "Karl Mala Memorial op-B 17th"]
[Site "Frankfurt"]
[Date "2014.08.03"]
[Round "7"]
[White "Hartel, Sandro"]
[Black "Friedel, Thomas"]
[Result "0-1"]
[WhiteElo "1348"]
[BlackElo "1569"]
[PlyCount "76"]
[EventDate "2014.07.31"]
[EventType "swiss"]
[EventRounds "7"]
[EventCountry "GER"]
[SourceTitle "EXT 2015"]
[Source "ChessBase"]
[SourceDate "2014.11.20"]
[SourceVersion "1"]
[SourceVersionDate "2014.11.20"]
[SourceQuality "1"]

1. e4 e5 2. d4 exd4 3. Qxd4 Nc6 4. Qe3 d6 5. Nc3 g6 6. Nf3 Bg7 7. Bd2 Nf6 8. h3 0-0 9. Bc4 Re8 10. 0-0-0 Be6 11. Bxe6 Rxe6 12. Ng5 Re7 13. f4 d5 14. Be1 d4 15. Qf3 h6 16. e5 hxg5 17. exf6 Bxf6 18. fxg5 Bxg5+ 19. Kb1 Rd7 20. Ne4 Ne5 21. Qg3 Bf6 22. Nc5 Rd5 23. Nxb7 Qd7 24. Na5 Qb5 25. b3 Qb6 26. Rf1 Bg7 27. Qf4 Rad8 28. Bh4 R8d7 29. Be1 c5 30. c4 dxc3 31. Rxd5 Rxd5 32. Nc4 Nxc4 33. Qxf7+ Kh8 34. Qxd5 Na3+ 35. Kc1 Bh6+ 36. Kd1 c2+ 37. Ke2 Qa6+ 38. Qd3 c1N+ 0-1

[Event "Karl Mala Memorial op-B 17th"]
[Site "Frankfurt"]
[Date "2014.08.03"]
[Round "6"]
[White "Held, Maurice"]
[Black "Hartel, Sandro"]
[Result "1-0"]
[WhiteElo "1652"]
[BlackElo "1348"]
[PlyCount "73"]
[EventDate "2014.07.31"]
[EventType "swiss"]
[EventRounds "7"]
[EventCountry "GER"]
[SourceTitle "EXT 2015"]
[Source "ChessBase"]
[SourceDate "2014.11.20"]
[SourceVersion "1"]
[SourceVersionDate "2014.11.20"]
[SourceQuality "1"]

1. c4 e5 2. Nc3 Nf6 3. d3 Bb4 4. Bd2 d5 5. cxd5 Nxd5 6. Nxd5 Bxd2+ 7. Qxd2 Qxd5 8. Nf3 0-0 9. g3 Rd8 10. Bg2 Bg4 11. 0-0 Nc6 12. Rfd1 Qe6 13. a3 h6 14. Qc2 Rd6 15. Rac1 Rad8 16. Qc4 Nd4 17. Nxd4 exd4 18. Qxe6 Rxe6 19. f3 Bf5 20. Bf1 c6 21. b4 b5 22. Rc5 Bg6 23. Rdc1 Rdd6 24. Kf2 Kf8 25. Bg2 Ke7 26. f4 f5 27. Rxc6 Bh5 28. Rc7+ Kf6 29. Bf3 Bxf3 30. Kxf3 Re3+ 31. Kf2 Rde6 32. R1c2 a6 33. Rd7 Rb6 34. Rxd4 Re7 35. e4 fxe4 36. dxe4 Rbe6 37. e5+ 1-0

[Event "Rheinland Pfalz op 6th"]
[Site "Gau Algesheim"]
[Date "2014.06.22"]
[Round "7"]
[White "Hartel, Sandro"]
[Black "Hinrichs, Niklas"]
[Result "0-1"]
[WhiteElo "1261"]
[BlackElo "1711"]
[PlyCount "110"]
[EventDate "2014.06.19"]
[EventType "swiss"]
[EventRounds "7"]
[EventCountry "GER"]
[SourceTitle "CBM 161 Extra"]
[Source "ChessBase"]
[SourceDate "2014.08.29"]
[SourceVersion "1"]
[SourceVersionDate "2014.08.29"]
[SourceQuality "1"]

1. e4 c5 2. Bc4 d6 3. Nf3 Nf6 4. e5 dxe5 5. Nxe5 e6 6. Bb5+ Bd7 7. Nxd7 Nbxd7 8. 0-0 Be7 9. d3 0-0 10. Qf3 a6 11. Bc4 b5 12. Bb3 Nb6 13. Be3 Qd7 14. Rd1 Rfd8 15. Nc3 Rac8 16. Ne4 Nbd5 17. c4 Nxe3 18. Qxe3 Qd4 19. Qxd4 Rxd4 20. Nxf6+ Bxf6 21. cxb5 axb5 22. Rac1 Rdd8 23. Rc2 c4 24. Bxc4 bxc4 25. g3 cxd3 26. Rxc8 Rxc8 27. Rxd3 Bxb2 28. Rd2 Bc3 29. Rc2 Kf8 30. Kf1 Rc5 31. Ke2 Bd4 32. Rd2 e5 33. f4 f6 34. fxe5 fxe5 35. a4 Ra5 36. Ra2 Ke7 37. Kd3 Kd6 38. Kc4 Rc5+ 39. Kd3 Rc3+ 40. Kd2 Rf3 41. Ke1 Kc6 42. a5 Kb7 43. a6+ Ka7 44. Ra4 Rb3 45. Rc4 Kxa6 46. Rc7 Rb7 47. Rc6+ Kb5 48. Rc1 Ka4 49. h4 Ka3 50. g4 Kb2 51. Kd1 Rf7 52. Rc2+ Kb3 53. Rg2 e4 54. h5 e3 55. Ke1 Kc3 0-1

[Event "Rheinland Pfalz op 6th"]
[Site "Gau Algesheim"]
[Date "2014.06.21"]
[Round "4"]
[White "Michalski, Uwe"]
[Black "Hartel, Sandro"]
[Result "1/2-1/2"]
[WhiteElo "1784"]
[BlackElo "1261"]
[PlyCount "55"]
[EventDate "2014.06.19"]
[EventType "swiss"]
[EventRounds "7"]
[EventCountry "GER"]
[SourceTitle "CBM 161 Extra"]
[Source "ChessBase"]
[SourceDate "2014.08.29"]
[SourceVersion "1"]
[SourceVersionDate "2014.08.29"]
[SourceQuality "1"]

1. c4 e5 2. g3 Nf6 3. Bg2 Bc5 4. Nc3 Nc6 5. d3 d6 6. a3 Bf5 7. e3 0-0 8. Nge2 Qd7 9. b4 Bb6 10. 0-0 Bh3 11. d4 Bxg2 12. Kxg2 exd4 13. exd4 Rad8 14. Bg5 Qf5 15. Bxf6 Qxf6 16. Nd5 Qe6 17. Nef4 Qe4+ 18. f3 Qxd4 19. Qxd4 Bxd4 20. Rad1 Bb2 21. a4 Rd7 22. Rfe1 Nxb4 23. Nxb4 Bc3 24. Nbd5 Bxe1 25. Rxe1 c6 26. Ne7+ Kh8 27. h4 Rfd8 28. Nf5 1/2-1/2

[Event "Rheinland Pfalz op 6th"]
[Site "Gau Algesheim"]
[Date "2014.06.20"]
[Round "3"]
[White "Hartel, Sandro"]
[Black "Kuehner, Joergen"]
[Result "1-0"]
[WhiteElo "1261"]
[BlackElo "1533"]
[PlyCount "57"]
[EventDate "2014.06.19"]
[EventType "swiss"]
[EventRounds "7"]
[EventCountry "GER"]
[SourceTitle "CBM 161 Extra"]
[Source "ChessBase"]
[SourceDate "2014.08.29"]
[SourceVersion "1"]
[SourceVersionDate "2014.08.29"]
[SourceQuality "1"]

1. e4 c5 2. Bc4 e6 3. Qe2 d6 4. d3 Nc6 5. Nf3 Be7 6. Nc3 a6 7. a3 b5 8. Bb3 Bb7 9. 0-0 Bf6 10. Be3 Nge7 11. Nd1 0-0 12. Bg5 Nd4 13. Nxd4 Bxg5 14. Nf3 Ng6 15. Nxg5 Qxg5 16. Qe3 Nf4 17. g3 Nh3+ 18. Kg2 Qh5 19. f4 Rae8 20. Qf3 Nxf4+ 21. Qxf4 f5 22. Qxd6 Rf6 23. Kg1 Rh6 24. Rf2 fxe4 25. Ne3 exd3 26. Raf1 Bf3 27. g4 Qh3 28. Rxf3 Qxh2+ 29. Qxh2 1-0

[Event "Rheinland Pfalz op 6th"]
[Site "Gau Algesheim"]
[Date "2014.06.19"]
[Round "2"]
[White "Weber, Frank"]
[Black "Hartel, Sandro"]
[Result "1-0"]
[WhiteElo "1716"]
[BlackElo "1261"]
[PlyCount "99"]
[EventDate "2014.06.19"]
[EventType "swiss"]
[EventRounds "7"]
[EventCountry "GER"]
[SourceTitle "CBM 161 Extra"]
[Source "ChessBase"]
[SourceDate "2014.08.29"]
[SourceVersion "1"]
[SourceVersionDate "2014.08.29"]
[SourceQuality "1"]

1. e4 e5 2. Nf3 Nc6 3. Bb5 Nd4 4. Nxd4 exd4 5. a3 Bc5 6. d3 c6 7. Bc4 Qe7 8. Nd2 Nf6 9. 0-0 0-0 10. Nf3 d6 11. h3 Be6 12. Bxe6 fxe6 13. Bg5 e5 14. Nh2 Qe6 15. f4 exf4 16. Rxf4 h6 17. Bxf6 Rxf6 18. Rxf6 Qxf6 19. Qf3 Qxf3 20. Nxf3 Rf8 21. Rf1 Bb6 22. Nh4 Rxf1+ 23. Kxf1 Kf7 24. Nf5 Bc7 25. Nxd4 d5 26. exd5 cxd5 27. Ke2 a6 28. Kf3 Kf6 29. Nb3 Be5 30. d4 Bd6 31. Nd2 g5 32. c4 Bf4 33. Nb1 dxc4 34. Nc3 Bc1 35. Nd1 Kf5 36. g4+ Ke6 37. Ke4 c3 38. bxc3 Bxa3 39. c4 b6 40. Nc3 Be7 41. Nd5 Bd8 42. Nc3 Bf6 43. Na4 Bd8 44. c5 b5 45. d5+ Kd7 46. Nb2 b4 47. Ke5 b3 48. Nc4 a5 49. Nb2 Bc7+ 50. Kd4 1-0

[Event "SVR-op"]
[Site "Heimbach Weis"]
[Date "2014.04.18"]
[Round "6"]
[White "Hartel, Sandro"]
[Black "Schloetter, Hermann"]
[Result "0-1"]
[WhiteElo "1111"]
[BlackElo "1711"]
[PlyCount "84"]
[EventDate "2014.04.11"]
[EventType "swiss"]
[EventRounds "7"]
[EventCountry "GER"]
[SourceTitle "CBM 160 Extra"]
[Source "ChessBase"]
[SourceDate "2014.07.01"]
[SourceVersion "1"]
[SourceVersionDate "2014.07.01"]
[SourceQuality "1"]

1. e4 c5 2. Bc4 e6 3. Nc3 Nc6 4. Nf3 d6 5. d3 a6 6. Be3 b5 7. Bb3 Nf6 8. d4 c4 9. Bxc4 bxc4 10. d5 Ne5 11. dxe6 Bxe6 12. Nxe5 dxe5 13. Qxd8+ Rxd8 14. Bb6 Rd7 15. 0-0 Rb7 16. Ba5 Rxb2 17. Rad1 Be7 18. Rd2 0-0 19. Rfd1 h6 20. Bc7 Rb7 21. Bxe5 Rd7 22. Rxd7 Nxd7 23. Bd6 Bxd6 24. Rxd6 Nc5 25. Nd5 Nxe4 26. Ne7+ Kh7 27. Rxa6 Rb8 28. Kf1 Rb2 29. f3 Nc3 30. a3 Rxc2 31. Nc6 Nd5 32. Nd4 Ne3+ 33. Ke1 Nxg2+ 34. Kd1 Ne3+ 35. Ke1 Rxh2 36. Nxe6 fxe6 37. Rxe6 Nc2+ 38. Kd1 Nxa3 39. Ra6 Nc2 40. Rc6 h5 41. Kc1 Nd4 42. Rxc4 Nxf3 0-1